Guess the weird google searches - Statistics

General Stats
  • This quiz has been taken 30 times
  • The average score is 9 of 15
Answer Stats
Question Answer % Correct
jobs for people who don't work well with other _________? People
100%
What happens if a man uses a breast ______ Pump
100%
How do I change the gender on ________ Fortnite
89%
World record longest time _________ Peeing
89%
What happens if you _______ Parmesan cheese? Snort
89%
push-up bras for your ______ Butt
78%
how to get your ______ back Ex
67%
do women like ______ hair on men? Nipple
56%
What happens if you eat _________? Poop
56%
do Baby's have to drink ________? Water
56%
________ fan fiction Bible
33%
Do cars run out of ______? Honk
33%
Pig ______ Milk
33%
What is ______ in Spanish? Taco
22%
Best way to politely ask your _______ to stop sneaking up on me and pulling my pants down in public places Granny
11%
No matching quizzes found
Score Distribution
Percent of People with Each Score
Percentile by Number Answered
Your Score History
You have not taken this quiz